Basic electronics solid state (Record no. 20000)

000 -LEADER
fixed length control field 00420nam a22001697a 4500
001 - CONTROL NUMBER
control field 20000
003 - CONTROL NUMBER IDENTIFIER
control field BD-DhUET
008 - FIXED-LENGTH DATA ELEMENTS--GENERAL INFORMATION
fixed length control field 150408b xxu||||| |||| 00| 0 eng d
040 ## - CATALOGING SOURCE
Original cataloging agency DLC
Transcribing agency DLC
Modifying agency BD-DhUET
082 ## - DEWEY DECIMAL CLASSIFICATION NUMBER
Classification number 623.81
Item number THE/1985
100 ## - MAIN ENTRY--PERSONAL NAME
Personal name Theraja, B. L.
245 ## - TITLE STATEMENT
Title Basic electronics solid state
260 ## - PUBLICATION, DISTRIBUTION, ETC. (IMPRINT)
Place of publication, distribution, etc. New Delhi
Name of publisher, distributor, etc. S. Chand & Company
Date of publication, distribution, etc. 1985
300 ## - PHYSICAL DESCRIPTION
Extent xiii, 1160p.
650 #0 - SUBJECT ADDED ENTRY--TOPICAL TERM
Topical term or geographic name as entry element Electronics
942 ## - ADDED ENTRY ELEMENTS (KOHA)
Koha item type General Book
Holdings
Location (home branch) Price effective from Piece designation (barcode) Koha full call number Koha date last borrowed Koha normalized classification for sorting Withdrawn status Shelving location Koha date last seen Date acquired Damaged status Source of classification or shelving scheme Lost status Sublocation or collection (holding branch) Koha item type Not for loan
Central Library, BUET2015-04-0867970623.81/THE/19850000-00-00623_810000000000000_THE_1985 Circulation section2015-04-082015-04-08   Central Library, BUETGeneral Book